Marketing ve stavebnictví

Uložené v:
Podrobná bibliografia
Hlavní autori: Pleskač, Jiří (Autor), Soukup, Leoš (Autor)
Médium: Kniha
Jazyk:Czech
Vydavateľské údaje: Praha : Grada, 2001
Tagy: Pridať tag
Žiadne tagy, Buďte prvý, kto otaguje tento záznam!

MARC

LEADER 00000nam a22000003a 4500
001 stu78538
005 20150617225643.1
008 030120s2001----xr------------------cze-d
020 |a 80-247-0052-2 
040 |a STU  |b slo 
041 0 |a cze 
044 |a xr 
080 |a 339.138:69  |7 stu_us_auth*stu8577 
080 |a 658.8:69  |7 stu_us_auth*stu8578 
100 1 |a Pleskač, Jiří  |4 aut 
245 1 |a Marketing ve stavebnictví 
260 |a Praha :  |b Grada,  |c 2001 
300 |a 224 s.;tab.,schémy 
700 1 |a Soukup, Leoš  |4 aut 
996 |b 284V016693  |c V*47791/O-21055  |l VVS  |s A  |a 24  |w stu78538_0001